Los derechos de los extranjeros en Espaą

Bibliographic Details
Main Author: Ferrer Peą, Ramn̤ Mara̕
Format: Unknown
Language:Spanish
Published: Madrid : Tecnos, D.L. 1989
Series:Prc̀tica jurd̕ica
Subjects:
Online Access:Acceso restringido

MARC

LEADER 00000ny a22000003n 4500
005 20110616143250.0
008 970219s1989 sp s 000 0 spa c
017 |a M2900-1989 
020 |a 8434014610 
035 |a 1793 
040 |a UCM.CPS  |d vLex 
040 |a UMA.RE  |d vlex 
080 |a 341.95(460) 
080 |a 351.756(460) 
090 |c 790  |d 790 
100 1 |a Ferrer Peą, Ramn̤ Mara̕ 
245 1 4 |a Los derechos de los extranjeros en Espaą  |h [Recurso electrn̤ico]  |c Ramn̤ Ma. Ferrer Peą ; prl̤ogo de aÌ‚Angel Sǹchez de la Torre 
256 |a Servicio en ln̕ea 
260 |a Madrid :  |b Tecnos,  |c D.L. 1989 
300 |a 375 p. ;  |c 24 cm 
490 1 |a Prc̀tica jurd̕ica 
506 1 |a Contenido solo disponible en los productos indicados  |d vLex Global  |d vLex Global (Academic Edition, excluding Law Schools)  |d vLex Global (U.S. Academic Edition, Law Schools)  |d vLex Global (U.S. Academic Edition, excluding Law Schools)  |d vLex Global (Academic Edition, Law Schools) 
650 0 7 |a Derecho internacional  |2 Tesauro vLex 
650 0 7 |a Civil  |2 Tesauro vLex 
650 0 7 |a Extranjeros  |2 Tesauro vLex 
650 0 7 |a Derechos y libertades fundamentales  |2 Tesauro vLex 
650 0 7 |a Derechos de los extranjeros  |2 Tesauro vLex 
740 0 |a vLex Libros (Servicios en ln̕ea) 
856 4 0 |u http://vlex.com/source/1793  |z Acceso restringido 
942 |c BOOK 
999 0 |a International Law   |b Madrid